English for business studies workbook
Gespeichert in:
| 1. Verfasser: | |
|---|---|
| Körperschaft: | |
| Weitere Verfasser: | , , , , , |
| Format: | Buch |
| Sprache: | Englisch Slowakisch |
| Veröffentlicht: |
Bratislava
Vydavateľstvo EKONÓM
2010
|
| Schlagworte: | |
| Tags: |
Keine Tags, Fügen Sie das erste Tag hinzu!
|
MARC
| LEADER | 00000nam$a2200000$$$4500 | ||
|---|---|---|---|
| 001 | 0115309 | ||
| 005 | 20240502072303.1 | ||
| 020 | |a 978-80-225-2967-9 | ||
| 041 | 0 | |a eng | |
| 041 | 0 | |a slo | |
| 044 | |a SK | ||
| 245 | 1 | 0 | |a English for business studies |b workbook |
| 264 | 1 | |a Bratislava |b Vydavateľstvo EKONÓM |c 2010 | |
| 300 | |a 300 s. [11,667 AH] | ||
| 610 | 2 | 0 | |a jazyky cudzie |
| 610 | 2 | 0 | |a terminológia |
| 610 | 2 | 0 | |a obchod |
| 610 | 2 | 0 | |a jazykoveda |
| 100 | 1 | |a Ondrejová, Zuzana, 1953- | |
| 700 | 1 | |a Breveníková, Daniela | |
| 700 | 1 | |a Pauleová, Milada | |
| 700 | 1 | |a Sztuková, Mária | |
| 700 | 1 | |a Zelenayová, Alojzia, 1944- | |
| 700 | 1 | |a Tandlichová, Eva | |
| 700 | 1 | |a Pašková, Hana | |
| 710 | 2 | |a Ekonomická univerzita v Bratislave. Ústav jazykov | |